MARC

LEADER 00000nam0a2200000 4500
001 125894
005 20231031131546.0
035 |a (RuTPU)RU\TPU\book\136210 
090 |a 125894 
100 |a 20071121d1965 k y0rusy50 ca 
101 0 |a rus 
102 |a RU 
105 |a a z 001zy 
200 1 |a Применение безоправочного волочения при производстве труб  |f М. З. Ерманок  |g Центральный НИИ информации и технико-экономических исследований цветной металлургии 
210 |a Москва  |c [Б. и.]  |d 1965 
215 |a 102 с.  |c ил. 
225 1 |a Обработка цветных и редких металлов 
320 |a Библиогр.: с. 100-101. 
610 1 |a тонкостенные трубы 
610 1 |a производство 
610 1 |a безоправочное волочение 
610 1 |a деформации 
610 1 |a деформирование 
610 1 |a маршруты 
675 |a 621.774  |v 3 
700 1 |a Ерманок  |b М. З.  |g Михаил Зиновьевич 
712 0 2 |a Центральный научно-исследовательский институт информации и технико-экономических исследований цветной металлургии  |2 stltpush  |3 (RuTPU)RU\TPU\col\8881 
801 1 |a RU  |b 63413507  |c 20071121  |g PSBO 
801 2 |a RU  |b 63413507  |c 20080205  |g PSBO 
942 |c BK